02206nam a22002654aa4500003000800000005001700008008004100025017001800066020002300084040003000107082001500137100003800152245008900190250001300279260003900292300003100331500007500362505141800437650001501855653001501870653001401885653001601899653001101915653001401926BOFEUTO20260519155935.0260403t2026 bo gr 000 f spa d a5-1-1765-2026 a978-9917-6639-05-8 6BOFEUTOaBOFEUTOcBOFEUTO a330bF628e aFlores Flores, Wilson Galoeautor aEconomía Aplicada Salud, Educación y Medio Ambiente /cWilson Galo Flores Flores a4ta. Ed. aOruro :bLatinas Edictores,c2026. a336p. ;bilus. ;c25.5 cm. aIncluye bibliografía, siglas más utilizadas a nivel internacional. aTécnicas y hábitos de estudio en la Universidad - ¿Qué es la economía? - El problemas económico: la escasez - Las necesidades humanas - Los bienes y servicios económicos - La economía como ciencia - Los recursos o factores productivos - Los ingresos de los factores de producción - Los agentes económicos - El concepto de sistema económico - Oferta, demanda y equilibrio de mercado - El sistema de economía de mercado - Sistema de economía planificada (Sistema de economía centralizada) - Las transacciones económicas y el sistema de economía mixta - La empresa y la producción (Producción con un insumo variable) - Elasticidades de la demanda - Macroeconomía, salud y educación - El dinero y sus funciones - Teorías sobre el capital humano - Productividad - Educación formal y no formal - Costos y beneficios de la educación - Oferta y demanda de educación - Salud y nutrición - Subsidios a la demanda - Macroeconomía y educación - Economía de la prevención - Políticas de salud y gestión sanitaria - Introducción al medio ambiente - Economía, desarrollo y medio ambiente - Externalidades - Política ambiental - La competitividad y el desarrollo sostenible - Costo - beneficio: beneficio - Población y recursos naturales - Bienes públicos - Costos - beneficios: costos - los impuestos - El sector industrial en Bolivia y el impacto ambiental aEconomía aTécnicas aProblemas aNecesidades aBienes aServicios